00628nam a2200169 a 450000100100000000500170001000800410002702000150006804000250008308200200010824500470012826000460017530000280022150400730024995201190032299900170044100004341920201002040909.0140314s1989 cl a 000 0 spa d a9589522920 aDO-SdBNPbspacBNPHU axxxxxxxbxxxxxx00aCausa 1/89 :bfin de la conexión urbana. aColombia, :bJosé MartíbPlus,c1989. a481 p. :bil. ;c22 cm. aIncluye referencias bibliográficas y notas al pie de las páginas 0010507-18MOaGRbGRcOId2014-03-14iLF1l0oxxxxxxx xxxxxxp43419-10r2020-06-25w2020-06-25y1ZNo se presta c42908d42908